[Event "Niedersachsen-ch U18"]
[Site "Hambuehren"]
[Date "2002.??.??"]
[Round "2"]
[White "De Wiljes, Jan Hendrik"]
[Black "Etlender, German"]
[Result "1-0"]
[WhiteElo "2207"]
[BlackElo "1863"]
[PlyCount "41"]
[EventDate "2002.03.??"]
[EventType "swiss"]
[EventRounds "7"]
[EventCountry "GER"]
[SourceTitle "EXT 2003"]
[Source "ChessBase"]
[SourceDate "2002.11.25"]
[SourceVersion "1"]
[SourceVersionDate "2002.11.25"]
[SourceQuality "1"]

1. e4 d5 2. exd5 Qxd5 3. Nc3 Qa5 4. Bc4 Nf6 5. d3 c6 6. Nge2 Bf5 7. 0-0 e6 8. Bd2 Qc7 9. Ng3 Bg6 10. f4 Bc5+ 11. Kh1 0-0 12. Nce4 Nxe4 13. dxe4 h6 14. f5 exf5 15. exf5 Bh7 16. Nh5 Kh8 17. Nxg7 Kxg7 18. f6+ Kh8 19. Bxh6 Re8 20. Qg4 Bg6 21. Bg7+ 1-0

[Event "Niedersachsen-ch U18"]
[Site "Hambuehren"]
[Date "2002.??.??"]
[Round "7"]
[White "De Wiljes, Jan Hendrik"]
[Black "Karatajew, Maxim"]
[Result "1-0"]
[WhiteElo "2207"]
[BlackElo "1721"]
[PlyCount "71"]
[EventDate "2002.03.??"]
[EventType "swiss"]
[EventRounds "7"]
[EventCountry "GER"]
[SourceTitle "EXT 2003"]
[Source "ChessBase"]
[SourceDate "2002.11.25"]
[SourceVersion "1"]
[SourceVersionDate "2002.11.25"]
[SourceQuality "1"]

1. d4 Nf6 2. Nf3 g6 3. Bf4 Bg7 4. h3 0-0 5. e3 d6 6. c3 c5 7. Be2 Qb6 8. Qb3 Qxb3 9. axb3 Be6 10. Nbd2 Nc6 11. 0-0 h6 12. Ra3 Rac8 13. Rfa1 a6 14. Bh2 Bf5 15. Nc4 cxd4 16. Nxd4 Nxd4 17. exd4 Be4 18. b4 Nd7 19. f3 Bc6 20. Ne3 Nb6 21. Ra5 Bf6 22. Kf1 Kh7 23. Rd1 Ba4 24. Rd2 Bd7 25. c4 Be6 26. d5 Bd7 27. c5 dxc5 28. bxc5 Na4 29. c6 Nxb2 30. cxb7 Rc1+ 31. Nd1 Bc3 32. Rxb2 Bxa5 33. Bf4 Ra1 34. b8Q Rxb8 35. Rxb8 Bb5 36. Rh8+ 1-0

[Event "Niedersachsen-ch U18"]
[Site "Hambuehren"]
[Date "2002.??.??"]
[Round "4"]
[White "De Wiljes, Jan Hendrik"]
[Black "Rinke, Nils"]
[Result "1-0"]
[WhiteElo "2207"]
[BlackElo "2000"]
[PlyCount "33"]
[EventDate "2002.03.??"]
[EventType "swiss"]
[EventRounds "7"]
[EventCountry "GER"]
[SourceTitle "EXT 2003"]
[Source "ChessBase"]
[SourceDate "2002.11.25"]
[SourceVersion "1"]
[SourceVersionDate "2002.11.25"]
[SourceQuality "1"]

1. Nf3 c5 2. c4 Nc6 3. Nc3 g6 4. g3 Bg7 5. Bg2 e6 6. d3 d6 7. 0-0 Rb8 8. Bg5 Nge7 9. e4 h6 10. Bd2 a6 11. a4 Nd4 12. Nxd4 cxd4 13. Ne2 b5 14. cxb5 axb5 15. a5 Ba6 16. b4 0-0 17. Qb3 1-0

[Event "Hannover-ch MT"]
[Site "Isernhagen"]
[Date "2001.09.30"]
[Round "2"]
[White "Klaus, Andrej"]
[Black "De Wiljes, Jan Hendrik"]
[Result "1-0"]
[WhiteElo "2249"]
[BlackElo "2157"]
[PlyCount "93"]
[EventDate "2001.09.29"]
[EventType "swiss"]
[EventRounds "7"]
[EventCountry "GER"]
[SourceTitle "EXT 2021"]
[Source "ChessBase"]
[SourceDate "2020.10.23"]
[SourceVersion "1"]
[SourceVersionDate "2020.10.23"]
[SourceQuality "1"]

1. e4 c6 2. d4 d5 3. Nd2 dxe4 4. Nxe4 Nd7 5. Bc4 Ngf6 6. Ng5 e6 7. Qe2 Nb6 8. Bb3 h6 9. N5f3 Qc7 10. Ne5 a5 11. a3 Bd6 12. Ngf3 0-0 13. g4 Nh7 14. h4 f6 15. Nd3 Qf7 16. Bd2 Nd5 17. c4 Ne7 18. 0-0-0 b5 19. c5 Bc7 20. g5 fxg5 21. Nde5 Bxe5 22. Nxe5 Qxf2 23. Qxf2 Rxf2 24. hxg5 Rxd2 25. Rxd2 Nxg5 26. Rg2 Nf7 27. Nxf7 Kxf7 28. Rf1+ Kg8 29. Rf6 Nd5 30. Bxd5 cxd5 31. Rxh6 b4 32. Rhg6 Ra7 33. axb4 axb4 34. Kd2 Re7 35. Ke3 e5 36. dxe5 Bf5 37. R6g5 Be4 38. R2g3 g6 39. Kd4 Rh7 40. Rxg6+ Bxg6 41. Rxg6+ Kf7 42. Rb6 Rh2 43. Rxb4 Rh4+ 44. Kc3 Rh3+ 45. Kc2 Ke6 46. c6 Rh2+ 47. Kc3 1-0